| 000 | 01101nam a2200253Ia 4500 | ||
|---|---|---|---|
| 003 | IN-BaIIA | ||
| 008 | 211028s9999 xx 000 0 eng d | ||
| 020 | _a0-88911-017-4 | ||
| 040 | _cIIA Library | ||
| 080 |
_a083.3:02 _bREM |
||
| 100 |
_aDe St Remy, B _914785 |
||
| 245 | 2 |
_aA catalogue of the Riche-Covington collection in Queen's University library _bbeing a list of books and other sources on early radar and early radio astronomy with associated materials on astronomy and radio technology _cB. De St Remy..[et.al] |
|
| 260 |
_aKingston _bRiche-Covington Trust _c1984 |
||
| 300 | _axxvi, 63p. | ||
| 650 |
_aCatalogue - Radio astronomy books _914786 |
||
| 650 |
_aDouglas Library -- Catalogs _914787 |
||
| 650 | _aNASA thesaurus | ||
| 650 |
_aRadio -- Canada -- Bibliographie -- Catalogues _914788 |
||
| 650 |
_aRadio astronomy -- History -- Bibliography -- Catalogs. Radar -- History -- Bibliography -- Catalogs _914789 |
||
| 700 |
_aAitken, B. _914790 |
||
| 700 |
_aCovington, A. E. _914791 |
||
| 700 |
_aMorley, L. H. _914792 |
||
| 942 | _cBK | ||
| 999 |
_c8791 _d8791 |
||